Statistics for Country Flags with Suns or Moon

Click here to take the quiz!

General Stats

  • This quiz has been taken 13 times
  • The average score is 26 of 31

Answer Stats

Answer% Correct
Argentina
100%
Uruguay
100%
Algeria
92%
Bangladesh
92%
Croatia
92%
Japan
92%
Kazakhstan
92%
Libya
92%
Malaysia
92%
Nepal
92%
Philippines
92%
Taiwan
92%
Turkey
92%
Azerbaijan
85%
Brunei
85%
Kyrgyzstan
85%
Mauritania
85%
Mongolia
85%
Pakistan
85%
Singapore
85%
Tunisia
85%
Uzbekistan
85%
Laos
77%
Niger
77%
Turkmenistan
77%
Antigua and Barbuda
69%
Kiribati
69%
Malawi
69%
Palau
69%
Namibia
62%
Rwanda
62%

Score Distribution

Percentile by Number Answered

Percent of People with Each Score

Your Score History

You have not taken this quiz